Pension funds and national saving (Record no. 291677)

000 -LEADER
fixed length control field 00474cam a22001457a 4500
008 - FIXED-LENGTH DATA ELEMENTS--GENERAL INFORMATION
fixed length control field 180718b2004 xxu||||| |||| 00| 0 eng d
100 ## - MAIN ENTRY--PERSONAL NAME
Personal name Murphy, Pablo Lopez
245 ## - TITLE STATEMENT
Title Pension funds and national saving
Statement of responsibility, etc. by Pablo Lopez Murphy and Alberto R. Musalem
260 ## - PUBLICATION, DISTRIBUTION, ETC.
Place of publication, distribution, etc. Washington, D.C.
Name of publisher, distributor, etc. World Bank
Date of publication, distribution, etc. 2004
300 ## - PHYSICAL DESCRIPTION
Extent 46p.
440 ## - SERIES STATEMENT/ADDED ENTRY--TITLE
Title Policy research working paper; no. 3410
650 ## - SUBJECT ADDED ENTRY--TOPICAL TERM
Topical term or geographic name entry element Saving and investment
650 ## - SUBJECT ADDED ENTRY--TOPICAL TERM
Topical term or geographic name entry element Pension trusts
700 ## - ADDED ENTRY--PERSONAL NAME
Personal name Musalem, Alberto R.
Holdings
Withdrawn status Lost status Damaged status Not for loan Permanent Location Current Location Date acquired Barcode Date last seen Price effective from Koha item type
        Indian Institute of Public Administration Indian Institute of Public Administration 2005-04-19 WB10357 2018-07-20 2018-07-20 WB

Powered by Koha